Wszyscy uczestnicy I ligi/Ekstraklasy w XXI wieku - Statystyki

Ogólne statystyki
  • Ten quiz został rozwiązany 157 razy
    106 od ostatniego zresetowania
  • Średni wynik to 32 z 43
Statystyki odpowiedzi
Liczba sezonów Okres trwania Ilość mistrzostw w tym okresie Drużyna piłkarska % Poprawnych
25 1999/2000-23/24 9 Legia Warszawa
99%
23 1999/2000-21/22 7 Wisła Kraków
98%
23 1999/2000, 02/03-23/24 3 Lech Poznań
97%
9 05/06-06/07, 08/09-10/11, 16/17-19/20 0 Arka Gdynia
93%
15 1999/2000-02/03, 07/08-16/17, 23/24 0 Ruch Chorzów
93%
14 1999/2000-00/01, 02/03-06/07, 16/17-22/23 0 Wisła Płock (Petro Płock)
93%
22 1999/2000-02/03, 04/05-07/08, 09/10-13/14, 15/16-23/24 1 Zagłębie Lubin
93%
23 1999/2000-08/09, 10/11-15/16, 17/18-23/24 0 Górnik Zabrze
92%
19 1999/2000-02/03, 04/05-06/07, 12/13-23/24 0 Pogoń Szczecin
92%
18 00/01-01/02, 08/09-23/24 1 Śląsk Wrocław
92%
19 04/05-11/12, 13/14-23/24 0 Cracovia
91%
17 07/08-23/24 0 Jagiellonia Białystok
91%
15 08/09-22/23 0 Lechia Gdańsk
91%
13 1999/2000-03/04, 06/07-07/08, 10/11-13/14, 22/23-23/24 0 Widzew Łódź
91%
7 1999/2000, 06/07-08/09, 11/12, 19/20, 23/24 0 ŁKS Łódź
90%
14 08/09-09/10, 12/13-23/24 1 Piast Gliwice
89%
12 1999/2000-05/06, 08/09-12/13 1 Polonia Warszawa
89%
4 20/21-23/24 0 Warta Poznań
89%
5 19/20-23/24 1 Raków Częstochowa
84%
4 20/21-23/24 0 Stal Mielec
83%
2 18/19, 22/23 0 Miedź Legnica
82%
5 00/01-04/05 0 GKS Katowice
81%
16 05/06-07/08, 09/10-19/20, 22/23-23/24 0 Korona Kielce
81%
1 23/24 0 Puszcza Niepołomice
81%
2 07/08, 18/19 0 Zagłębie Sosnowiec
79%
3 21/22-23/24 0 Radomiak Radom
76%
4 07/08-10/11 0 Polonia Bytom
71%
2 13/14-14/15 0 Zawisza Bydgoszcz
71%
8 03/04-06/07, 14/15-16/17, 21/22 0 Górnik Łęczna
70%
6 11/12-15/16, 20/21 0 Podbeskidzie Bielsko-Biała
69%
9 05/06-12/13, 14/15 0 GKS Bełchatów
63%
4 15/16-17/18, 21/22 0 Termalica Bruk-Bet Nieciecza
61%
7 1999/2000-05/06 0 Amica Wronki
60%
3 1999/2000-01/02 0 Stomil Olsztyn
60%
1 17/18 0 Sandecja Nowy Sącz
57%
11 1999/2000-09/10 0 Odra Wodzisław Śląski
44%
9 1999/2000-07/08 0 Dyskobolia Grodzisk Wielkopolski
40%
1 03/04 0 Górnik Polkowice
36%
2 1999/2000-00/01 0 Ruch Radzionków
33%
2 01/02-02/03 0 KSZO Ostrowiec Świętokrzyski
31%
1 03/04 0 Świt Nowy Dwór Mazowiecki
28%
1 01/02 0 RKS Radomsko
25%
1 02/03 0 Szczakowianka Jaworzno
25%
Nie znaleziono quizów pasujących do podanych kryteriów
Rozkład punktacji
Procent ludzi z każdym wynikiem
Percentyl według liczby udzielonych odpowiedzi
Twoja historia wyników
Nie rozwiązałeś tego quizu od ostatniego zresetowania